[Event "S60149 Server NA Class B Ch"]
[Site "CCLA"]
[Date "2016.05.12"]
[Round "?"]
[White "Catania, Duane"]
[Black "Hadley, Douglas R."]
[Result "1-0"]
[WhiteElo "1637"]
[BlackElo "1662"]

1. e4 e5 2. Nf3 Nc6 3. Bc4 Bc5 4. d3 h6 5. O-O d6 6. Bb3 Nf6 7. c3 O-O 8. 
h3 a6 9. Nbd2 Ba7 10. Re1 Ne7 11. Nf1 Ng6 12. Ng3 c6 13. Nf5 Re8 14. Bxh6 
gxh6 15. Nxh6+ Kg7 16. Nxf7 Qe7 17. N7g5 Nf8 18. d4 Ne6 19. Nxe6+ Bxe6 20.
 Nh4 Qd7 21. Re3 Rg8 22. Qd2 Bxb3 23. axb3 Kf7 24. Rf3 Ke7 25. Qh6 Qe6 26.
 Nf5+ Kf7 27. Kh1 Raf8 28. dxe5 Qxe5 29. Qd2 Ke6 30. Re1 Bb8 31. Qe3 Kd7 
32. Qd4 Qxd4 33. Nxd4 Nh5 34. Rxf8 Rxf8 35. Nf3 Nf4 36. c4 Ba7 37. e5 Nd3 
38. Re2 Nxf2+ 39. Kh2 dxe5 40. Nxe5+ Kd6 41. b4 Bd4 42. Nf3 c5 43. Rd2 Ne4
44. bxc5+ Kxc5 45. Rxd4 Rxf3 46. gxf3 Kxd4 47. fxe4 Kxc4 48. Kg3 Kc5 49. 
h4 Kd6 50. Kg4 Ke6 51. h5 Kf7 52. Kf5 a5 53. Ke5 1-0

[Event "S60149 Server NA Class B Ch"]
[Site "CCLA"]
[Date "2016.05.12"]
[Round "?"]
[White "Catania, Duane"]
[Black "Fisher Jr., Arthur"]
[Result "1-0"]
[WhiteElo "1637"]
[BlackElo "1691"]

1. e4 e5 2. Nf3 Nc6 3. Bc4 Bc5 4. d3 Nf6 5. O-O h6 6. c3 O-O 7. Bb3 d6 8. 
Nbd2 Be6 9. Bc2 a5 10. h3 Ne7 11. d4 exd4 12. cxd4 Bb6 13. d5 Bd7 14. Nc4 
Ng6 15. Nxb6 cxb6 16. Qd3 Re8 17. Qd4 Rc8 18. Bd3 Nh5 19. Bd2 Qf6 20. Qxf6
Nxf6 21. Rfe1 Nh5 22. Rac1 Nhf4 23. Rxc8 Rxc8 24. Bb1 Nh5 25. e5 Nxe5 26. 
Nxe5 dxe5 27. Rxe5 Nf6 28. Bf5 Bxf5 29. Rxf5 Rc5 30. Bc3 Rxd5 31. Rf4 Rd1+
32. Kh2 Nd5 33. Rc4 Nxc3 34. Rxc3 Rd2 35. Rb3 Rd6 36. g3 Kf8 37. Kg2 Ke7 
38. f4 g5 39. Kf3 gxf4 40. Kxf4 Kf6 41. Rb5 Rd4+ 42. Ke3 Rb4 43. Rxb4 axb4
44. Kf4 Kg6 45. Kg4 h5+ 46. Kf4 Kf6 47. Ke4 Kg5 48. Kf3 f5 49. h4+ Kf6 50.
 Kf4 b5 51. Kf3 Ke5 52. Ke3 Kd5 53. Kf4 Kd4 54. Kg5 Kd3 55. Kxh5 Kc2 56. 
b3 Kb2 57. Kg6 Kxa2 58. h5 Kxb3 59. h6 Ka2 60. h7 b3 61. h8=Q b2 62. Qa8+ 
Kb3 63. Qxb7 b4 64. Qd5+ Ka3 65. Qd3+ Ka2 66. Qc2 Ka1 67. Qa4+ 1-0

[Event "S60149 Server NA Class B Ch"]
[Site "CCLA"]
[Date "2016.05.12"]
[Round "?"]
[White "Catania, Duane"]
[Black "Avery, Bryce"]
[Result "1/2-1/2"]
[WhiteElo "1637"]
[BlackElo "1649"]

1. e4 e5 2. Nf3 Nc6 3. Bc4 Nf6 4. d3 Bc5 5. O-O d6 6. c3 O-O 7. Bb3 a6 8. 
Nbd2 Ba7 9. h3 h6 10. Re1 Nh5 11. Nf1 Qf6 12. Ne3 Nf4 13. Ng4 Bxg4 14. 
hxg4 g5 15. Be3 Ne6 16. Rc1 Kg7 17. Rf1 Rh8 18. Bxe6 Qxe6 19. Bxa7 Rxa7 
20. Nh2 Qxa2 21. b3 Qa5 22. d4 Raa8 23. Re1 Ne7 24. dxe5 Qxe5 25. Nf3 Qe6 
26. Nd4 Qe5 27. Nf5+ Nxf5 28. exf5 Qf6 29. Re3 Rae8 30. Qd2 h5 31. Rce1 
Rxe3 32. Qxe3 hxg4 33. Qe4 Rh4 34. g3 Rh8 35. Qxg4 Rd8 36. f4 Kf8 37. Qxg5
Qxg5 38. fxg5 Re8 39. Kf2 Rxe1 40. Kxe1 a5 41. Kd2 Ke7 42. Kd3 d5 43. Kd4 
Kd6 44. c4 dxc4 45. Kxc4 c6 46. Kc3 b5 47. b4 axb4+ 48. Kxb4 Ke5 49. g4 
Kd5 50. Kb3 c5 51. Kb2 b4 52. Kc2 c4 1/2-1/2

[Event "S60149 Server NA Class B Ch"]
[Site "CCLA"]
[Date "2016.05.12"]
[Round "?"]
[White "Catania, Duane"]
[Black "Disque, Philip"]
[Result "1/2-1/2"]
[WhiteElo "1637"]
[BlackElo "1612"]

1. e4 Nc6 2. Nf3 d6 3. d4 Nf6 4. Nbd2 g6 5. Bb5 a6 6. Ba4 b5 7. Bb3 Bg7 8.
 O-O e5 9. c3 Bg4 10. d5 Na5 11. Bc2 O-O 12. h3 Bd7 13. b3 Nh5 14. Re1 Nf4
15. Nf1 g5 16. Ne3 Qf6 17. c4 h5 18. Qd2 Nb7 19. Nh2 a5 20. Qd1 bxc4 21. 
Nxc4 Qg6 22. Qf3 f5 23. Bxf4 gxf4 24. Rad1 Nc5 25. exf5 Bxf5 26. Bxf5 Rxf5
27. Nd2 Bf6 28. Ne4 Nd7 29. Rc1 Bd8 30. Rc6 Rf7 31. Kh1 Nb8 32. Rc4 Na6 
33. a3 Be7 34. Ra4 Nc5 35. Nxc5 dxc5 36. Qe4 Qxe4 37. Raxe4 Bd6 38. Nf3 
Rb8 39. Nxe5 Re7 40. f3 Rxb3 41. Nc4 Rxe4 42. Rxe4 Rd3 43. Nxd6 cxd6 44. 
Rxf4 Rxd5 45. Kg1 Re5 46. Ra4 d5 47. Rxa5 d4 48. Rb5 d3 49. Rb8+ Kf7 50. 
Rd8 c4 51. Kf1 Re3 52. Kf2 Re2+ 53. Kf1 Re3 54. Kf2 Re2+ 55. Kf1 Re3 56. 
Kf2 1/2-1/2